[Event "Cto de Aragon por Equipos Preferente"]
[Site "?"]
[Date "2020.03.07"]
[Round "7.36"]
[White "Querol Soro, Sergio"]
[Black "Garcia Monterde, Francisco Jose"]
[Result "1/2-1/2"]
[WhiteElo "1870"]
[BlackElo "1847"]
[PlyCount "67"]
[EventDate "2020.??.??"]
[WhiteTeam "Las Fuentes A"]
[BlackTeam "IberCaja B"]

1. d4 Nf6 2. c4 c5 3. d5 b5 4. cxb5 a6 5. Nc3 d6 6. e4 g6 7. Nf3 Bg7 8. Bd3 O-O
9. O-O Bg4 10. h3 Bxf3 11. Qxf3 axb5 12. Nxb5 Qb6 13. Qe2 Na6 14. a3 Nd7 15.
Bd2 Rfc8 16. Rab1 Ne5 17. Bc4 Nxc4 18. Qxc4 Rcb8 19. Nc3 Qb3 20. Qe2 c4 21. Be3
Nc7 22. Rfc1 Rc8 23. Qc2 Rab8 24. Na4 Na8 25. Qxb3 Rxb3 26. Rc2 c3 27. Rbc1
Rcb8 28. Nxc3 Rxb2 29. Rxb2 Rxb2 30. Na4 Rb8 31. Ba7 Re8 32. Rc6 g5 33. Kf1 Be5
34. Ke2 1/2-1/2

[Event "Cto de Aragon por Equipos Preferente"]
[Site "?"]
[Date "2020.03.07"]
[Round "7.37"]
[White "Hernandez Delgado, Gabriel"]
[Black "Vallverdu Miret, Oscar"]
[Result "0-1"]
[WhiteElo "1876"]
[BlackElo "2098"]
[PlyCount "123"]
[EventDate "2020.??.??"]
[WhiteTeam "El Olivar C"]
[BlackTeam "Fraga"]

1. d4 d5 2. Bg5 g6 3. Nf3 Bg7 4. e3 c5 5. c3 Qb6 6. Qb3 c4 7. Qxb6 axb6 8. e4
dxe4 9. Nfd2 b5 10. Nxe4 Nc6 11. Na3 Ra5 12. Be2 f5 13. Nd2 Nf6 14. Bf3 Nxd4
15. cxd4 c3 16. bxc3 Rxa3 17. Nb3 O-O 18. O-O h6 19. Bc1 Ra7 20. Re1 Kf7 21.
Nc5 Rd8 22. Bb2 b6 23. Nd3 Nd5 24. Bxd5+ Rxd5 25. Nb4 Rd6 26. Bc1 g5 27. f4 g4
28. Be3 Be6 29. Rad1 Bc4 30. Rd2 Ra3 31. Rc2 h5 32. Bc1 Ra8 33. a3 Bf8 34. Rd2
Re6 35. Rxe6 Kxe6 36. Rd1 Rd8 37. Re1+ Kd6 38. Kf2 h4 39. Ke3 Rc8 40. Bb2 e6
41. Rd1 Re8 42. Rd2 Ra8 43. Bc1 h3 44. g3 Rc8 45. Bb2 Ra8 46. Kf2 Be7 47. Rd1
Ra4 48. Ra1 Kd7 49. Nc2 Bd3 50. Ne3 Be4 51. Ke1 Kc6 52. Kd2 Bd6 53. Ke1 Ra8 54.
Kf2 Ra7 55. Ke1 Rb7 56. c4 Rb8 57. cxb5+ Kxb5 58. a4+ Ka6 59. Bc3 Bxf4 60. Kf2
Bh6 61. Nf1 Re8 62. Ra3 0-1

[Event "Cto de Aragon por Equipos Preferente"]
[Site "?"]
[Date "2020.03.07"]
[Round "7.38"]
[White "Aribau Rivas, Miguel Angel"]
[Black "Labrador Postigo, Francisco M"]
[Result "1-0"]
[WhiteElo "2026"]
[BlackElo "1822"]
[PlyCount "47"]
[EventDate "2020.??.??"]
[WhiteTeam "Fraga"]
[BlackTeam "El Olivar C"]

1. e4 e5 2. Nf3 d6 3. c3 g6 4. d4 exd4 5. Qxd4 Nf6 6. e5 dxe5 7. Qxd8+ Kxd8 8.
Nxe5 Be6 9. Na3 Nfd7 10. Bf4 f6 11. Nf3 Nc6 12. h4 Bg4 13. Nc4 a6 14. Bd2 Rc8
15. Ne3 Be6 16. h5 g5 17. Bd3 Nc5 18. Bc2 a5 19. Ke2 Ke8 20. Rhd1 Kf7 21. Be1
g4 22. Nh2 g3 23. fxg3 Bh6 24. b3 {imposible reproducir} 1-0

[Event "Cto de Aragon por Equipos Preferente"]
[Site "?"]
[Date "2020.03.07"]
[Round "7.39"]
[White "De La Riva Fernandez, Eduardo"]
[Black "Chine Infantes, Miguel Angel"]
[Result "0-1"]
[WhiteElo "1800"]
[BlackElo "1799"]
[PlyCount "150"]
[EventDate "2020.??.??"]
[WhiteTeam "El Olivar C"]
[BlackTeam "Fraga"]

1. e4 b6 2. d4 Bb7 3. Bd3 e6 4. c4 Nf6 5. f3 h6 6. Ne2 Bb4+ 7. Nbc3 Qe7 8. O-O
Bxc3 9. Nxc3 O-O 10. Be3 d6 11. Qd2 e5 12. d5 Nbd7 13. Rac1 a5 14. a4 Nc5 15.
Bc2 Ba6 16. b3 Nh7 17. Rce1 Bc8 18. f4 g5 19. f5 f6 20. h4 Qg7 21. Rf3 Kf7 22.
Rh3 Rh8 23. Kf2 Bd7 24. Reh1 Rag8 25. Kf1 Ke7 26. h5 Rb8 27. g4 Rhc8 28. Nb5
Ra8 29. Kg2 Nf8 30. Ra1 Be8 31. Qf2 Nfd7 32. Qd2 Na6 33. Rf1 Ndc5 34. Qd1 Kf8
35. Bd2 Rd8 36. Bc3 Qd7 37. Bd2 Qc8 38. Qc1 Qb7 39. Kg1 c6 40. Nc3 Nb4 41. Re1
Ke7 42. dxc6 Bxc6 43. Nd5+ Bxd5 44. Bxb4 axb4 45. exd5 Qa7 46. Kh2 Rdc8 47. Qd2
Qa5 48. Rhe3 Nd7 49. Kh3 Qc5 50. Bd1 Ra5 51. Re4 Ra7 52. R4e2 b5 53. axb5 Rca8
54. Qe3 Ra1 55. Bc2 R8a2 56. Rxa1 Rxa1 57. Kg3 Ra2 58. Qxc5 Nxc5 59. Kf3 Ra3
60. Re3 Ra1 61. Kg2 Ra2 62. Re2 Kd7 63. Kf2 Kc7 64. Ke1 Kb6 65. Bd1 Ra1 66. Kf2
Rxd1 67. Ra2 Kb7 68. b6 Na6 69. Ra5 Kxb6 70. Rb5+ Ka7 71. Ra5 Rd3 72. Ke2 Rxb3
73. Rb5 Rc3 74. Kd2 Rxc4 75. Ke3 Rc5 0-1

[Event "Cto de Aragon por Equipos Preferente"]
[Site "?"]
[Date "2020.03.07"]
[Round "7.40"]
[White "Chesa Chavarria, Aurelio"]
[Black "Jimenez Guillen, Rodrigo"]
[Result "1/2-1/2"]
[WhiteElo "1658"]
[BlackElo "1412"]
[PlyCount "45"]
[EventDate "2020.??.??"]
[WhiteTeam "Fraga"]
[BlackTeam "El Olivar C"]

1. d4 d5 2. c4 e6 3. Nc3 Nf6 4. cxd5 exd5 5. Bg5 Be7 6. e3 Nbd7 7. Bd3 O-O 8.
Nge2 b6 9. Qc2 Bb7 10. O-O Rc8 11. Rac1 c5 12. Qa4 Qc7 13. Bf4 Bc6 14. Bxc7
Bxa4 15. Nxa4 Rxc7 16. dxc5 bxc5 17. b3 g6 18. Rc2 Rb8 19. f4 Ng4 20. Rf3 f5
21. h3 Ngf6 22. Rf1 Bd6 23. Re1 1/2-1/2

[Event "Cto de Aragon por Equipos Preferente"]
[Site "?"]
[Date "2020.03.07"]
[Round "7.41"]
[White "Sig Vargas, Pablo"]
[Black "Hinojar Basa, Alfonso"]
[Result "0-1"]
[WhiteElo "1900"]
[BlackElo "2170"]
[PlyCount "44"]
[EventDate "2020.??.??"]
[WhiteTeam "Enroque Barbastro"]
[BlackTeam "Marcos Frechin A"]

1. e4 e6 2. d4 d5 3. e5 c5 4. c3 Qb6 5. Nf3 Nc6 6. a3 f6 7. Bd3 fxe5 8. Nxe5
Nf6 9. O-O Bd6 10. Nxc6 bxc6 11. dxc5 Bxc5 12. b4 Bd6 13. c4 Qb8 14. h3 O-O 15.
Qe2 e5 16. c5 Bc7 17. Nc3 Bd7 18. Rb1 Qe8 19. f4 Nh5 20. fxe5 Rxf1+ 21. Qxf1
Qxe5 22. Bf4 Nxf4 0-1

[Event "Cto de Aragon por Equipos Preferente"]
[Site "?"]
[Date "2020.03.07"]
[Round "7.42"]
[White "Jario Garcia, Ricardo"]
[Black "Sanclemente Aragues, Angel"]
[Result "1/2-1/2"]
[WhiteElo "2078"]
[BlackElo "1628"]
[PlyCount "74"]
[EventDate "2020.??.??"]
[WhiteTeam "Marcos Frechin A"]
[BlackTeam "Enroque Barbastro"]

1. c4 c6 2. g3 d5 3. b3 d4 4. Nf3 g6 5. Bb2 Bg7 6. Bg2 e5 7. d3 Ne7 8. O-O O-O
9. b4 b6 10. a4 Bb7 11. Qb3 Qc7 12. Nbd2 Nd7 13. a5 Rab8 14. e3 c5 15. exd4
exd4 16. Rfe1 Nf5 17. Ne4 Ne5 18. axb6 Nxf3+ 19. Bxf3 axb6 20. Ra7 Qc8 21. Bg2
Re8 22. bxc5 Bxe4 23. Rxe4 Rxe4 24. Bxe4 bxc5 25. Qxb8 Qxb8 26. Ra8 Qxa8 27.
Bxa8 Bf8 28. Be4 Nd6 29. Bd5 Nc8 30. Bf3 Nb6 31. Bd1 Nd7 32. Bc1 Kg7 33. Kf1
Ne5 34. Ke2 Be7 35. h3 f5 36. Ba4 Kf6 37. Be8 g5 1/2-1/2

[Event "Cto de Aragon por Equipos Preferente"]
[Site "?"]
[Date "2020.03.07"]
[Round "7.43"]
[White "Carrera Angulo, Nicolas"]
[Black "Ciriano Lamban, Alejandro"]
[Result "0-1"]
[WhiteElo "1328"]
[BlackElo "2043"]
[PlyCount "53"]
[EventDate "2020.??.??"]
[WhiteTeam "Enroque Barbastro"]
[BlackTeam "Marcos Frechin A"]

1. e4 c5 2. Nf3 Nc6 3. d4 cxd4 4. Nxd4 Nf6 5. Nc3 e5 6. Ndb5 d6 7. Nd5 Nxd5 8.
exd5 Ne7 9. c4 Ng6 10. Bd3 Be7 11. O-O a6 12. Nc3 f5 13. Qh5 O-O 14. g4 fxg4
15. Bh6 Rf3 16. Bxg6 Rh3 17. Bf7+ Kf8 18. Be3 Rxh5 19. Bxh5 g6 20. Bxg6 hxg6
21. Ne4 Bf5 22. Ng3 Bg5 23. Rae1 Bd3 24. Ne2 Kg8 25. b3 Bxe3 26. fxe3 Qg5 27.
Nd4 0-1

[Event "Cto de Aragon por Equipos Preferente"]
[Site "?"]
[Date "2020.03.07"]
[Round "7.44"]
[White "Ruiperez Gumiel, Ramon"]
[Black "Gracia Noguero, Javier"]
[Result "1-0"]
[WhiteElo "1889"]
[BlackElo "1256"]
[PlyCount "53"]
[EventDate "2020.??.??"]
[WhiteTeam "Marcos Frechin A"]
[BlackTeam "Enroque Barbastro"]

1. e4 e5 2. Nf3 Nc6 3. Nc3 d6 4. d4 Bg4 5. dxe5 Bxf3 6. gxf3 dxe5 7. Qxd8+ Kxd8
8. Bg5+ Kc8 9. O-O-O Nf6 10. f4 Bd6 11. fxe5 Bxe5 12. Bxf6 Bxf6 13. Bh3+ Kb8
14. Nd5 Bd4 15. c3 Bc5 16. f4 Re8 17. e5 a6 18. Kc2 Ne7 19. c4 c6 20. Nxe7 Bxe7
21. Rd7 f6 22. Bg4 Bf8 23. exf6 gxf6 24. Rxh7 Re7 25. Rxe7 Bxe7 26. Re1 Bd8 27.
h4 {...} 1-0

[Event "Cto de Aragon por Equipos Preferente"]
[Site "?"]
[Date "2020.03.07"]
[Round "7.45"]
[White "Inglan Bielsa, Fernando"]
[Black "Carrasquer Alonso, Fernando"]
[Result "0-1"]
[WhiteElo "2063"]
[BlackElo "1833"]
[PlyCount "86"]
[EventDate "2020.??.??"]
[WhiteTeam "Jaime Casas B"]
[BlackTeam "Jaque B"]

1. e4 e5 2. Nf3 d6 3. d4 Nd7 4. Bc4 Be7 5. O-O Ngf6 6. Re1 O-O 7. c3 c6 8. a4
b6 9. Bg5 h6 10. Bh4 Nh5 11. Bxe7 Qxe7 12. Nbd2 Nf4 13. Nf1 Nf6 14. Ng3 g6 15.
Qd2 Bg4 16. Re3 Kg7 17. Rae1 h5 18. Nh4 Nh7 19. Nhf5+ gxf5 20. exf5 Qg5 21.
dxe5 dxe5 22. h4 Qxh4 23. Rxe5 Nxg2 24. R1e4 Nf6 25. Kxg2 Rad8 26. Rd4 Rxd4 27.
Qxd4 c5 28. Qe3 Bh3+ 29. Kg1 Rd8 30. Be2 Bg4 31. Bxg4 hxg4 32. Nf1 Rd6 33. Qg3
Qg5 34. Ne3 Rd2 35. Nc4 Rd1+ 36. Kg2 Qh6 37. Qh2 Qg5 38. Qg3 Qh5 39. Qh2 Qxh2+
40. Kxh2 Kh6 41. Re7 Rd7 42. Re5 Kg5 43. Kg2 Kf4 0-1

[Event "Cto de Aragon por Equipos Preferente"]
[Site "?"]
[Date "2020.03.07"]
[Round "7.46"]
[White "Carrasquer Alonso, Luis"]
[Black "Rodriguez Leiva, Manuel"]
[Result "1-0"]
[WhiteElo "1818"]
[BlackElo "1820"]
[PlyCount "83"]
[EventDate "2020.??.??"]
[WhiteTeam "Jaque B"]
[BlackTeam "Jaime Casas B"]

1. e4 e6 2. d4 d5 3. exd5 exd5 4. Nf3 Nf6 5. h3 Be7 6. Bd3 O-O 7. O-O Nc6 8.
Re1 Nb4 9. Nc3 Nxd3 10. Qxd3 h6 11. Bf4 c6 12. Re3 Bb4 13. Ne5 Bxc3 14. bxc3
Ne4 15. f3 Nd6 16. g4 h5 17. Rae1 Be6 18. Kh2 h4 19. Qd2 g5 20. R3e2 gxf4 21.
Qxf4 Kg7 22. Nd7 Bxd7 23. Re7 Rh8 24. Qe5+ Kg8 25. Qxd6 Be6 26. R1xe6 Qxd6+ 27.
Rxd6 Kg7 28. Rdd7 Rhf8 29. Rxb7 a5 30. Kg2 Rab8 31. Kf2 Rbc8 32. Ke3 Rfe8 33.
Rxe8 Rxe8+ 34. Kd2 Kg6 35. Rc7 Re6 36. f4 Re4 37. Rxc6+ f6 38. g5 Rxf4 39.
Rxf6+ Kxg5 40. Rxf4 Kxf4 41. c4 dxc4 42. Kc3 1-0

[Event "Cto de Aragon por Equipos Preferente"]
[Site "?"]
[Date "2020.03.07"]
[Round "7.47"]
[White "Salas Latorre, Jose"]
[Black "Lamelas Andreu, Jose Carlos"]
[Result "1-0"]
[WhiteElo "1749"]
[BlackElo "1621"]
[PlyCount "149"]
[EventDate "2020.??.??"]
[WhiteTeam "Jaime Casas B"]
[BlackTeam "Jaque B"]

1. d4 Nf6 2. Bg5 e6 3. e4 Be7 4. Bd3 c5 5. e5 Nd5 6. Bxe7 Nxe7 7. dxc5 Qa5+ 8.
Nd2 Nbc6 9. Ngf3 Qxc5 10. Nc4 Nf5 11. c3 d5 12. exd6 Nxd6 13. Nxd6+ Qxd6 14.
O-O Qe7 15. Qb3 h6 16. Rad1 Qc7 17. Rfe1 Bd7 18. Qc4 O-O-O 19. b4 Rhf8 20. a4
Ne7 21. Qb3 Kb8 22. c4 Bc8 23. a5 Nc6 24. Qc3 Qf4 25. b5 Nd4 26. Ne5 Qg5 27.
Re4 f6 28. Rxd4 fxe5 29. Rxd8 Rxd8 30. Re1 Rd4 31. Re4 Qd8 32. Re3 Qf6 33. Be4
Qd8 34. Rd3 Rxd3 35. Bxd3 Qd4 36. Qxd4 exd4 37. f4 Kc7 38. c5 b6 39. cxb6+ axb6
40. a6 g5 41. g3 Bd7 42. Be4 Kb8 43. Bd3 Kc7 44. fxg5 hxg5 45. Kf2 g4 46. Ke2
e5 47. Kd2 Kb8 48. Kc2 e4 49. Bxe4 Bxb5 50. Bd3 Bc6 51. Kb3 Bd5+ 52. Kb4 Ka7
53. Kb5 Ba2 54. Kc6 Bb3 55. Kd6 Ba4 56. Ke5 b5 57. Kxd4 Kxa6 58. Be2 Ka5 59.
Bxg4 Bc2 60. Kc3 Ba4 61. h4 b4+ 62. Kb2 Be8 63. h5 Kb6 64. h6 Bg6 65. Be6 Kc5
66. Bg8 Kd4 67. h7 Bxh7 68. Bxh7 Ke3 69. g4 Kf4 70. Bf5 Ke5 71. Kb3 Kf6 72.
Kxb4 Ke5 73. Kc4 Kf6 74. Kd4 Kg5 75. Ke4 1-0

[Event "Cto de Aragon por Equipos Preferente"]
[Site "?"]
[Date "2020.03.07"]
[Round "7.48"]
[White "Romon Poves, Raul"]
[Black "Lopez Caudevilla, David"]
[Result "1/2-1/2"]
[WhiteElo "2237"]
[BlackElo "2163"]
[PlyCount "56"]
[EventDate "2020.??.??"]
[WhiteTeam "Shatranj"]
[BlackTeam "Actur Rey Fernando"]

1. e4 g6 2. d4 Bg7 3. Nc3 a6 4. Be3 b5 5. Qd2 Bb7 6. Bd3 d6 7. Nf3 Nd7 8. O-O
c5 9. dxc5 Nxc5 10. b4 Nd7 11. a4 bxa4 12. Rxa4 Ngf6 13. Bh6 O-O 14. Bxg7 Kxg7
15. Rfa1 Qc7 16. Bxa6 Bxa6 17. Rxa6 Rxa6 18. Rxa6 Qc4 19. b5 Rc8 20. Ra3 Nxe4
21. Nxe4 Qxe4 22. Rc3 Ra8 23. h3 Ra1+ 24. Kh2 Ne5 25. Qd4 Qxd4 26. Nxd4 Ra4 27.
Nf3 Nxf3+ 28. gxf3 Ra7 1/2-1/2

[Event "Cto de Aragon por Equipos Preferente"]
[Site "?"]
[Date "2020.03.07"]
[Round "7.49"]
[White "Larios Herraiz, Enrique"]
[Black "Franco Ibanez, Carlos"]
[Result "1-0"]
[WhiteElo "2061"]
[BlackElo "1936"]
[PlyCount "57"]
[EventDate "2020.??.??"]
[WhiteTeam "Actur Rey Fernando"]
[BlackTeam "Shatranj"]

1. d4 Nf6 2. Nf3 b6 3. e3 Bb7 4. Bd3 e6 5. O-O Be7 6. Nbd2 d5 7. b3 c5 8. Bb2
Nbd7 9. Ne5 Nxe5 10. dxe5 Nd7 11. f4 Qc7 12. a4 a5 13. f5 g6 14. fxe6 fxe6 15.
Qg4 Nf8 16. Rf2 O-O-O 17. Rf7 Bc6 18. Raf1 Rg8 19. e4 Be8 20. exd5 Rxd5 21.
Rxf8 Rxf8 22. Qxe6+ Qd7 23. Qxb6 Rxf1+ 24. Nxf1 Qc7 25. Qe6+ Qd7 26. Qa6+ Kb8
27. Be4 Rd1 28. Qa8+ Kc7 29. Bc3 1-0

[Event "Cto de Aragon por Equipos Preferente"]
[Site "?"]
[Date "2020.03.07"]
[Round "7.50"]
[White "Del Corral Abancens, Alfonso"]
[Black "Arbiol Val, Sergio"]
[Result "1-0"]
[WhiteElo "1876"]
[BlackElo "1628"]
[PlyCount "4"]
[EventDate "2020.??.??"]
[WhiteTeam "Shatranj"]
[BlackTeam "Actur Rey Fernando"]

1. e4 e5 2. Nf3 Nc6 (2... Nf6 3. Bb5 a6 4. Ba4 Nc6 5. O-O b5 6. Bb3 Bc5 7. c3
d6 8. d4 Bb6 9. Re1 O-O 10. h3 h6 11. a4 Bb7 12. axb5 axb5 13. Rxa8 Bxa8 14.
Bc2 Re8 15. d5 Ne7 16. Be3 Nd7 17. Na3 b4 18. Nc4 bxc3 19. bxc3 Bxe3 20. Nxe3
Nc5 21. Nh4 Bb7 22. Qg4 Bc8 23. Nef5 Bxf5 (23... Nxf5 24. Nxf5 Bxf5 25. Qxf5 g6
26. Qg4 Qb8 (26... Qa8 27. h4 Re7 28. Re2 Qa1+ 29. Kh2 Qxc3 30. h5 g5 31. Qf5
Kg7 32. Ba4)) 24. Nxf5) 1-0

[Event "Cto de Aragon por Equipos Preferente"]
[Site "?"]
[Date "2020.03.07"]
[Round "7.51"]
[White "Soria Villen, Alejandro"]
[Black "Ballonga Arruebo, Alejandro"]
[Result "1-0"]
[WhiteElo "1468"]
[BlackElo "1677"]
[PlyCount "53"]
[EventDate "2020.??.??"]
[WhiteTeam "Actur Rey Fernando"]
[BlackTeam "Shatranj"]

1. d4 e6 2. c4 Bb4+ 3. Bd2 Qe7 4. Nf3 f5 5. g3 b6 6. Nc3 Bb7 7. Bg2 Nf6 8. O-O
O-O 9. a3 Bxc3 10. Bxc3 d6 11. b4 Ne4 12. Bb2 Nd7 13. Qb3 g5 14. Rfd1 Ndf6 15.
Nxg5 Ng4 16. Nxe4 fxe4 17. d5 Qf7 18. f3 Ne5 19. f4 exd5 20. cxd5 Ng4 21. Bh3
Qh5 22. Qc3 Qg6 23. Bxg4 Qxg4 24. Qh8+ Kf7 25. Qxh7+ Ke8 26. Qxe4+ Kd8 27. Qe6
1-0

[Event "Cto de Aragon por Equipos Preferente"]
[Site "?"]
[Date "2020.03.07"]
[Round "7.52"]
[White "Sierra Aguerri, Joaquin"]
[Black "Veras Sanz, Marino"]
[Result "1/2-1/2"]
[WhiteElo "2097"]
[BlackElo "2076"]
[PlyCount "107"]
[EventDate "2020.??.??"]
[WhiteTeam "Tauste"]
[BlackTeam "El Olivar B"]

1. e4 c5 2. Nc3 Nc6 3. f4 g6 4. Nf3 Bg7 5. Bb5 Nd4 6. O-O a6 7. Bc4 b5 8. Bd5
Rb8 9. d3 e6 10. Bb3 Ne7 11. Nxd4 cxd4 12. Ne2 d5 13. e5 Qb6 14. Qe1 h5 15. Bd2
Nf5 16. Ba5 Qa7 17. Rf3 Ne3 18. Qf2 Nf5 19. Bc3 Bf8 20. Bxd4 Nxd4 21. Nxd4 Bc5
22. c3 Bxd4 23. Qxd4 Qxd4+ 24. cxd4 Bb7 25. Rc1 Kd7 26. Rc5 Rbc8 27. Rf1 Rxc5
28. dxc5 d4 29. Rc1 Kc7 30. Kf2 Rd8 31. Kg3 Bd5 32. Bd1 Kc6 33. Bf3 Bxf3 34.
Kxf3 Rd5 35. b4 g5 36. g3 gxf4 37. Kxf4 f6 38. Re1 a5 39. a3 axb4 40. axb4 f5
41. Kg5 Rd7 42. Kf6 Kd5 43. Kg6 Ra7 44. c6 Kxc6 45. Rc1+ Kd7 46. Rc5 Ra3 47.
Rxb5 Rxd3 48. Rb7+ Kc6 49. Re7 Kd5 50. Kf6 h4 51. Rd7+ Ke4 52. Kxe6 hxg3 53.
hxg3 Rxg3 54. Kf6 1/2-1/2

[Event "Cto de Aragon por Equipos Preferente"]
[Site "?"]
[Date "2020.03.07"]
[Round "7.53"]
[White "Gracia Campo, Carlos Alberto"]
[Black "Fernandez Rubio, Rafael"]
[Result "1/2-1/2"]
[WhiteElo "2069"]
[BlackElo "2063"]
[PlyCount "151"]
[EventDate "2020.??.??"]
[WhiteTeam "El Olivar B"]
[BlackTeam "Tauste"]

1. e4 d5 2. exd5 Qxd5 3. Nc3 Qa5 4. d4 Nf6 5. Bc4 Bg4 6. Nge2 e6 7. O-O c6 8.
Re1 Be7 9. Bf4 O-O 10. Qd2 Qd8 11. Ng3 Bh5 12. Nce4 Bg6 13. Nxf6+ Bxf6 14. c3
Nd7 15. Ne4 Nb6 16. Bb3 Nd5 17. Nxf6+ Nxf6 18. Bg5 Qd6 19. Bxf6 gxf6 20. Qe3
Rfe8 21. Rad1 Kg7 22. c4 a6 23. c5 Qc7 24. h4 h5 25. Qf3 f5 26. Re5 Rad8 27.
Qg3 Re7 28. f4 b6 29. Qc3 Kg8 30. cxb6 Qxb6 31. Rc5 Rd6 32. Rc1 Red7 33. Rxc6
Qxd4+ 34. Qxd4 Rxd4 35. g3 Rd2 36. R6c2 Kf8 37. Rxd2 Rxd2 38. Rc2 Rd6 39. Kf2
f6 40. Ke3 Be8 41. Rd2 Rb6 42. Kd4 Ke7 43. Re2 Bd7 44. Kc3 Bb5 45. Re3 Bf1 46.
Bd1 Rc6+ 47. Kb4 Rb6+ 48. Ka3 Kd6 49. Bxh5 e5 50. Bg6 Ke6 51. h5 e4 52. h6 Bd3
53. b4 Kd5 54. h7 Rb8 55. Bf7+ Kd4 56. Bg8 Kxe3 57. h8=Q Bc4 58. Qxf6 Rxg8 59.
Qc3+ Bd3 60. Qc5+ Kf3 61. Qxf5 Rxg3 62. Kb2 Rg4 63. Kc3 Rxf4 64. Qh5+ Kg3 65.
a4 Rf3 66. Qg5+ Kf2 67. Qc5+ Ke1 68. Qg1+ Bf1+ 69. Kd4 e3 70. b5 axb5 71. axb5
Kd2 72. Qg5 Bxb5 73. Qxb5 e2 74. Qb4+ Kd1 75. Qb1+ Kd2 76. Qa2+ 1/2-1/2

[Event "Cto de Aragon por Equipos Preferente"]
[Site "?"]
[Date "2020.03.07"]
[Round "7.54"]
[White "Carbonel Sanchez, Andres"]
[Black "Bailo Remacha, Santiago"]
[Result "1-0"]
[WhiteElo "1825"]
[BlackElo "1972"]
[PlyCount "89"]
[EventDate "2020.??.??"]
[WhiteTeam "Tauste"]
[BlackTeam "El Olivar B"]

1. e4 c5 2. Nf3 d6 3. d4 cxd4 4. Nxd4 Nf6 5. f3 a6 6. c4 g6 7. Nc3 Bg7 8. Be3
O-O 9. Be2 Nc6 10. O-O Rb8 11. Qd2 Bd7 12. a4 Ne8 13. Rfd1 b6 14. Nc2 Na5 15.
Ra3 Be6 16. b3 f5 17. Nd4 Bd7 18. Bd3 e5 19. Nc2 f4 20. Bf2 Nc6 21. Be2 Be6 22.
Nd5 Rf7 23. Ndb4 Nxb4 24. Nxb4 a5 25. Nc6 Qc8 26. Nxb8 Qxb8 27. b4 axb4 28.
Qxb4 Bf8 29. Qb5 d5 30. Rb3 dxc4 31. Qxb6 Qc8 32. Rbb1 Rc7 33. Qb8 c3 34. Qxc8
Rxc8 35. Ra1 Bb3 36. Rdc1 c2 37. Kf1 Bb4 38. Be1 Bc5 39. Bd2 Bd4 40. Ra3 Be6
41. Bd3 Bb2 42. Raa1 Nd6 43. a5 Bc4 44. Ke2 Bxd3+ 45. Kxd3 1-0

[Event "Cto de Aragon por Equipos Preferente"]
[Site "?"]
[Date "2020.03.07"]
[Round "7.55"]
[White "Arinez Bruna, Octavio"]
[Black "Solanas Esteban, Hector"]
[Result "1/2-1/2"]
[WhiteElo "1879"]
[BlackElo "1646"]
[PlyCount "78"]
[EventDate "2020.??.??"]
[WhiteTeam "El Olivar B"]
[BlackTeam "Tauste"]

1. d4 d5 2. c4 c6 3. Nf3 Nf6 4. Qc2 e6 5. Bg5 h6 6. Bh4 Be7 7. e3 O-O 8. Nc3
Nbd7 9. cxd5 Nxd5 10. Bxe7 Qxe7 11. Be2 Nxc3 12. Qxc3 c5 13. Rc1 cxd4 14. exd4
Nf6 15. O-O Nd5 16. Qc5 b6 17. Qxe7 Nxe7 18. Ne5 Nd5 19. Bf3 Ba6 20. Bxd5 exd5
21. Rfe1 Rfe8 22. f4 f6 23. Nc6 Kf7 24. Nb4 Rxe1+ 25. Rxe1 Bb7 26. Rc1 Rc8 27.
Rxc8 Bxc8 28. b3 Ke6 29. Kf2 a5 30. Nc2 Ba6 31. Ke3 Bf1 32. Kf2 Bd3 33. Ne3 b5
34. a3 b4 35. axb4 axb4 36. Ke1 g5 37. fxg5 hxg5 38. g3 f5 39. Kd2 Be4 1/2-1/2

[Event "Cto de Aragon por Equipos Preferente"]
[Site "?"]
[Date "2020.03.07"]
[Round "7.56"]
[White "Mombiela De Sus, Jose Luis"]
[Black "Gutierrez Mingueza, Ruben"]
[Result "1/2-1/2"]
[WhiteElo "1933"]
[BlackElo "2041"]
[PlyCount "75"]
[EventDate "2020.??.??"]
[WhiteTeam "Las Fuentes B"]
[BlackTeam "San Jose"]

1. f4 g6 2. Nf3 Bg7 3. g3 c5 4. Bg2 Nc6 5. O-O d6 6. d3 e6 7. e4 Nge7 8. c3 O-O
9. Be3 b6 10. Na3 Ba6 11. Re1 Rc8 12. Bf2 Qd7 13. Qd2 Rc7 14. Nc2 Rfc8 15. h4
Bb7 16. h5 b5 17. hxg6 hxg6 18. Bh3 a5 19. Ng5 Nd8 20. d4 f5 21. exf5 exf5 22.
Rad1 c4 23. d5 Nxd5 24. Nd4 Nf6 25. Nde6 Nxe6 26. Rxe6 Qc6 27. Kf1 Re8 28.
Rxe8+ Nxe8 29. Qe2 Bf6 30. Qe6+ Kg7 31. Re1 Re7 32. Qxe7+ Bxe7 33. Rxe7+ Kf8
34. Rf7+ Kg8 35. Bd4 Qh1+ 36. Ke2 Qxh3 37. Rf8+ Kxf8 38. Nxh3 1/2-1/2

[Event "Cto de Aragon por Equipos Preferente"]
[Site "?"]
[Date "2020.03.07"]
[Round "7.57"]
[White "Ferreruela Romero, Jose Joaquin"]
[Black "Javierre Conesa, Alfonso"]
[Result "1-0"]
[WhiteElo "2034"]
[BlackElo "1867"]
[PlyCount "56"]
[EventDate "2020.??.??"]
[WhiteTeam "San Jose"]
[BlackTeam "Las Fuentes B"]

1. d4 d5 2. c4 e6 3. Nf3 Nf6 4. g3 Nbd7 5. Bg2 g6 6. O-O Bg7 7. Nc3 c6 8. b3
O-O 9. Qc2 b6 10. cxd5 cxd5 11. Ba3 Re8 12. Nb5 Ba6 13. Nd6 Rf8 14. Rfc1 Ne8
15. Bf1 Nxd6 16. Bxd6 Re8 17. Qc6 Bf8 18. Bxf8 Rxf8 19. Qa4 Bb7 20. e3 a6 21.
Rc2 b5 22. Qb4 Rc8 23. Rac1 Qf6 24. Qd6 Rxc2 25. Rxc2 Rc8 26. Rxc8+ Bxc8 27.
Qc7 Qxf3 28. Qxc8+ Nf8 1-0

[Event "Cto de Aragon por Equipos Preferente"]
[Site "?"]
[Date "2020.03.07"]
[Round "7.58"]
[White "Morato Garcia, Jesus"]
[Black "Palomar Ramon, Santiago"]
[Result "1-0"]
[WhiteElo "1847"]
[BlackElo "1974"]
[PlyCount "63"]
[EventDate "2020.??.??"]
[WhiteTeam "Las Fuentes B"]
[BlackTeam "San Jose"]

1. d4 d5 2. Nf3 Nc6 3. c4 Bg4 4. cxd5 Bxf3 5. exf3 Qxd5 6. Be3 e5 7. Nc3 Bb4 8.
dxe5 Qxe5 9. Qb3 Nge7 10. Bc4 O-O 11. O-O Ng6 12. Ne4 a5 13. Ng5 Nd8 14. Rad1
Bd6 15. g3 a4 16. Qc2 c6 17. Rfe1 Bb4 18. Re2 Qc7 19. a3 Ba5 20. Bc5 b5 21. Ba2
Nb7 22. Bxf8 Rxf8 23. Qf5 Nd6 24. Qh3 h6 25. Ne6 fxe6 26. Qxe6+ Kh7 27. Qxd6
Qb7 28. Bb1 Rf6 29. Re6 Qf7 30. Rxf6 gxf6 31. Qxc6 Bd8 32. Rxd8 1-0

[Event "Cto de Aragon por Equipos Preferente"]
[Site "?"]
[Date "2020.03.07"]
[Round "7.59"]
[White "Urgel Varela, Fernando"]
[Black "Edeso Perez, Francisco"]
[Result "1/2-1/2"]
[WhiteElo "1816"]
[BlackElo "1786"]
[PlyCount "104"]
[EventDate "2020.??.??"]
[WhiteTeam "San Jose"]
[BlackTeam "Las Fuentes B"]

1. e4 c5 2. Nc3 d6 3. Bb5+ Bd7 4. Bxd7+ Qxd7 5. f4 e6 6. Nf3 Nc6 7. O-O g6 8.
d3 Bg7 9. Qe1 Nge7 10. a3 O-O 11. Bd2 Rab8 12. Rb1 b5 13. e5 dxe5 14. fxe5 Nxe5
15. Ne4 Nxf3+ 16. Rxf3 c4 17. Bb4 a5 18. Bxa5 Qa7+ 19. Kh1 cxd3 20. Rxd3 Nd5
21. Bd2 Rbc8 22. Nc3 Qb7 23. Nxd5 exd5 24. Bc3 Bxc3 25. Rxc3 Rc4 26. Rd1 Rfc8
27. Qe5 Rd8 28. h3 Qc6 29. Rcd3 Re4 30. Qc3 Rc4 31. Qe5 Re4 32. Qc3 Rc4 33. Qe5
Re4 34. Rc3 Rc4 35. Rxc4 bxc4 36. c3 Qb5 37. Rd2 Qc6 38. Qe2 Qb5 39. Qe7 Qb6
40. Rf2 Rf8 41. Rd2 Rd8 42. Rd4 Rb8 43. Rxd5 Qxb2 44. Rd8+ Rxd8 45. Qxd8+ Kg7
46. Qd4+ Kg8 47. Qxc4 Qxa3 48. Qd4 h5 49. c4 Qg3 50. Kg1 g5 51. c5 g4 52. hxg4
Qe1+ 1/2-1/2